Statistics for Word Vocabulary - BU

Click here to take the quiz!

General Stats

  • This quiz has been taken 324 times
    (319 since last reset)
  • The average score is 29 of 43

Answer Stats

word% Correct
bun
99%
bus
99%
bum
98%
but
98%
bud
97%
bug
96%
bull
95%
bust
95%
buck
92%
buff
91%
butt
88%
burn
85%
buy
82%
buzz
81%
burr
78%
bunt
77%
bunk
73%
bush
73%
bump
70%
bulk
69%
bund
69%
burp
69%
bung
64%
build
63%
burl
62%
burg
60%
busk
58%
burst
57%
bute
56%
buss
53%
built
52%
budge
50%
burnt
47%
burk
46%
bulb
45%
butch
45%
bunch
44%
butte
41%
buoy
40%
bulge
35%
burb
32%
burse
31%
bumf
17%

Score Distribution

Percentile by Number Answered

Percent of People with Each Score

Your Score History

You have not taken this quiz since the last reset